000 00684nam a2200289Ia 4500
005 20260324120019.0
008 008 260324s9999 xx 000 0 eng d
020 _a9781315251837
037 _aEBOOK
040 _aCRL
040 _beng
040 _cCRL
041 _2eng
041 _aeng
084 _qCRL
100 _aLaudan Nooshin
_91156892
245 0 _aIranian Classical Music
245 4 _bThe Discourses and Practice of Creativity
260 _bTaylor and Francis
260 _c2015
365 _a
365 _b230
856 _uhttp://www.taylorfrancis.com/books/9781315251837
942 _cEBOOK
999 _c1748180
_d1748180